| 000 | 00956nam a22002895i 4500 | ||
|---|---|---|---|
| 001 | 10744 | ||
| 003 | ES-MaACL | ||
| 005 | 20250815112558.0 | ||
| 007 | t| | ||
| 008 | 940429s1993 sp ||||0| spa j | ||
| 020 | _a84-282-0924-3 | ||
| 040 |
_aM-BN _bspa _cM-BN |
||
| 080 | _a577.1 | ||
| 100 | 1 |
_aLehninger, Albert L. _971352 |
|
| 245 | 1 | 0 |
_aPrincipios de bioquímica / _cAlbert L. Lehninger, David L. Nelson, Michael M. Cox ; traducido por Claudi M. Cuchillo Foix, Josep Vendrell i Roca. |
| 250 | _a2ª ed. | ||
| 260 |
_aBarcelona : _bOmega, _cD.L. 1993. |
||
| 300 |
_aXXXIX, 1013, [74] p : _bil. col. y n ; _c28 cm. |
||
| 504 | _aBibliografía. Indice. | ||
| 650 | 1 | 7 |
_aBioquímica _2embne _9136796 |
| 700 | 1 |
_aNelson, David L. _985363 |
|
| 700 | 1 |
_aCox, Michael M. _9196205 |
|
| 700 | 1 |
_aCuchillo Foix, Claudi M. _941957 |
|
| 700 | 1 |
_aVendrell i Roca, Josep. _9113877 |
|
| 852 |
_aES-MaACL _jL-18061 _bR.124416 |
||
| 999 |
_c10744 _d10744 |
||